Realidad y reflexión (Registro nro. 34553)

Detalles MARC
000 -CABECERA
Longitud fija campo de control 01179nai a22002057a 4500
003 - IDENTIFICADOR DELl NÚMERO DE CONTROL
Identificador del número de control OSt
005 - FECHA Y HORA DE LA ÚLTIMA TRANSACCIÓN
Fecha y hora de la última transacción 20251105173415.0
008 - CÓDIGOS DE INFORMACIÓN DE LONGITUD FIJA
Códigos de información de longitud fija 161128b xxu||||| |||| 00| 0 eng d
022 ## - NÚMERO INTERNACIONAL NORMALIZADO PARA PUBLICACIONES SERIADAS
Número Internacional Normalizado para Publicaciones Seriadas 1992-6510
024 ## - OTROS IDENTIFICADORES NORMALIZADOS
Fuente del número o código 2520-9299
040 ## - FUENTE DE LA CATALOGACIÓN
Centro catalogador de origen BMC
Centro transcriptor BMC
082 ## - NÚMERO DE LA CLASIFICACIÓN DECIMAL DEWEY
Númeroo de clasificación 306.3389
245 00 - MENCIÓN DE TÍTULO
Título Realidad y reflexión
Mención de responsabilidad, etc. Oscar Picardo Joao, Director
Número de parte o sección de la obra 48
Nombre de parte o sección de la obra Julio-diciembre
260 ## - PUBLICACIÓN, DISTRIBUCIÓN, ETC. (PIE DE IMPRENTA)
Lugar de publicación, distribución, etc. San Salvador
Nombre del editor, distribuidor, etc. Universidad Francisco Gavidia
Fecha de publicación, distribución, etc. 2018
300 ## - DESCRIPCIÓN FÍSICA
Extensión 213 p.
Dimensiones 24 cm
505 ## - NOTA DE CONTENIDO CON FORMATO
Nota de contenido con formato Contiene: La empresa, el medioambiente y la comunidad indígena.— Entre escuelas y balas: una aproximación a los Mass Shooting.— El rol de las bibliotecas nacionales en la era digital y los entornos virtuales.— Contribución de las instituciones de educación superior de El Salvador al aseguramiento de acceso igualitario de hombres y mujeres a una formación técnica, profesional y superior de calidad.— ¿Twitter herramienta de campaña? Una mirada a la red social el día de las elecciones para diputaciones y consejos municipales 2018 en El Salvador.— Simulación de retroiluminación.-
650 24 - PUNTO DE ACCESO ADICIONAL DE MATERIA - TÉRMINO DE MATERIA
9 (RLIN) 13187
Término de materia o nombre geográfico como elemento inicial Cultura y globalización
700 1# - PUNTO DE ACCESO ADICIONAL - NOMBRE DE PERSONA
9 (RLIN) 18653
Nombre de persona Picardo Joao, Óscar
942 ## - ENTRADA DE ELEMENTOS AGREGADOS (KOHA)
Fuente de clasificaión o esquema Dewey Decimal Classification
Koha [por defecto] tipo de item 2- Prensa y Revistas
Existencias
Suprimido Perdido Fuente de clasificación o esquema Estropeado Restricciones de uso No para préstamo Código de colección Localización permanente Localización actual Localización en estanter&íacute;as Fecha adquisición Fuente de adquisición Número de inventario Préstamos totales Signatura completa Código de barras Fecha última consulta Fecha del precio de reemplazo Tipo de item de Koha
NULL NULL Dewey Decimal Classification NULL Prestable NULL NULL Biblioteca Miguel de Cervantes - UNICAES Biblioteca Miguel de Cervantes - UNICAES Sala Principal 30/10/2023 Donación - Facultad de Ciencias y Humanidades 001123   RVAR- 001123 1052815 20/01/2025 20/01/2025 2- Prensa y Revistas